Statistics for Las Palmas Best Scorer By Year

Click here to take the quiz!

General Stats

  • This quiz has been taken 27 times
  • The average score is 3 of 22

Answer Stats

Player% Correct
Jonathan Viera
83%
Kevin-Prince Boateng
63%
Antonio Guayre
25%
Germán Dévora
17%
Jonathan Calleri
17%
José Juan
17%
Gilberto
13%
Jorge Larena
13%
Justo Gilberto
13%
Pepe Juan
13%
Torres Díaz
13%
Carlos Morete
8%
Juani
8%
Adolfo Atienza
4%
Jorge Contreras
4%
Jorge Larraz
4%
José Manuel León
4%
José Parody
4%
Macario
4%
Ricardito
4%
Tacoronte
4%
Vázquez
4%

Score Distribution

Percentile by Number Answered

Percent of People with Each Score

Your Score History

You have not taken this quiz